Eastern Utah Libraries Catalog: Duchesne, Heber, Roosevelt, & Vernal

Sinister Secrets/ (Record no. 377452)

MARC details
000 -LEADER
fixed length control field 00806nim a22002537a 4500
005 - DATE AND TIME OF LATEST TRANSACTION
control field 20220926124213.0
008 - FIXED-LENGTH DATA ELEMENTS--GENERAL INFORMATION
fixed length control field 220831b |||||||| |||| 00| 0 eng d
020 ## - INTERNATIONAL STANDARD BOOK NUMBER
International Standard Book Number 1524422142
040 ## - CATALOGING SOURCE
Description conventions rda
050 ## - LIBRARY OF CONGRESS CALL NUMBER
Classification number F
082 ## - DEWEY DECIMAL CLASSIFICATION NUMBER
Classification number F
092 ## - LOCALLY ASSIGNED DEWEY CALL NUMBER (OCLC)
Classification number F
100 ## - MAIN ENTRY--PERSONAL NAME
Personal name Abramson, Traci Hunter
9 (RLIN) 77006
245 ## - TITLE STATEMENT
Title Sinister Secrets/
Statement of responsibility, etc Traci Hunter Abramson, Clair M. Poulson, Paige Edwards.
246 ## - VARYING FORM OF TITLE
Title proper/short title Three Suspense Novels
264 ## - Production, Publication, Distribution, Manufacture, and Copyright Notice.
Place of production, publication, distribution, manufacture American Fork, Utah,
Name of producer, publisher, distributor, manufacturer Covenant Communications Inc.,
Date of production, publication, distribution, manufacture, or copyr 2022.
300 ## - PHYSICAL DESCRIPTION
Extent 7 cds;
500 ## - GENERAL NOTE
General note Three Suspense Novels
505 ## - FORMATTED CONTENTS NOTE
Formatted contents note "Secrets of St. Augustine"/ by Traci Hunter Abramson; "Hounded"/ by Clair M. Poulson; "In Plain Sight"/ by Paige Edwards.
942 ## - ADDED ENTRY ELEMENTS (KOHA)
Source of classification or shelving scheme Dewey Decimal Classification
Koha item type Audiobook on CD
Holdings
Withdrawn status Lost status Source of classification or shelving scheme Materials specified (bound volume or other part) Damaged status Not for loan Collection code Home library Current library Shelving location Date acquired Source of acquisition Total Checkouts Total Renewals Full call number Barcode Date last seen Date checked out Cost, replacement price Price effective from Koha item type
    Dewey Decimal Classification 7 discs     Audiobooks Wasatch County Library Wasatch County Library Second Floor 01/27/2023 Amazon 5 5 CD Abramson 34301001855693 04/23/2024 02/28/2024 29.99 01/27/2023 Audiobook on CD
This project was made possible through a grant from the Institute of Museum and Library Service administered by the Utah State Library Division.

Wasatch County Library

  • 465 East 1200 South, Heber City, Utah 84032
  • Phone 435-654-1511 | Fax 435-654-6456

Hours

  • Monday - Friday 9:30 AM - 8:00 PM
  • Saturday 9:30 AM - 1:30 PM
  • Closed Sundays and Holidays